Verkehrsfughäfen in Deutschland (2021) - Statistiken

Allgemein
  • Dieses Quiz wurde 171 mal gespielt
    86 seit der letzten Aktualisierung
  • Das Durchschnittsergebnis liegt bei 23 aus 37
Antwortstatistiken
ICAO-Code Flughafen % Korrekt
EDDP Leipzig/Halle
97%
EDDB Berlin Brandenburg
96%
EDDF Frankfurt
96%
EDFH Frankfurt-Hahn
96%
EDDK Köln/Bonn
96%
EDDM München
96%
EDDH Hamburg
95%
EDDL Düsseldorf
93%
EDDS Stuttgart
93%
EDDC Dresden
91%
EDDV Hannover-Langenhagen
91%
EDLW Dortmund
87%
EDDN Nürnberg
87%
EDDW Bremen
86%
ETNL Rostock-Laage
83%
EDDE Erfurt-Weimar
78%
EDDR Saarbrücken
74%
EDHL Lübeck-Blankensee
72%
EDVK Kassel-Calden
71%
EDBC Magdeburg-Cochstedt
70%
EDSB Karlsruhe/Baden-Baden
68%
EDDG Münster/Osnabrück
68%
EDLP Paderborn/Lippstadt
62%
EDNY Friedrichshafen
49%
EDVE Braunschweig-Wolfsburg
47%
EDJA Memmingen
46%
EDOP Schwerin-Parchim
45%
EDXW Sylt
38%
ETSI Ingolstadt/Manching
18%
EDAH Heringsdorf
13%
ETMN Cuxhaven/Nordholz
12%
EDLV Niederrhein
12%
EDMO Oberpfaffenhofen
12%
EDBN Neubrandenburg
11%
EDBH Barth
9%
EDGS Siegerland
7%
EDTL Lahr
5%
Keine übereinstimmenden Quizze gefunden
Verteilung der Resultate
Anzahl Personen mit jedem Resultat
Perzentil nach korrekt beantworteten Fragen
Ihre Resultats-Entwicklung
Sie haben dieses Quiz seit der letzten Aktualisierung nicht gespielt